XML a guide for librarians

This book inclube: XML and the nature of markup; XML syntax and well-Formedness; Enabling data sharing validity, entities, and DTDs; Stylesheets for XML; XML and databases.

Enregistré dans:
Détails bibliographiques
Auteur principal: Gilmour, Ron
Format: Livre
Langue:Undetermined
Publié: Chicago Lita 2003
Sujets:
Tags: Ajouter un tag
Pas de tags, Soyez le premier à ajouter un tag!
Thư viện lưu trữ: Trung tâm Học liệu Trường Đại học Cần Thơ
LEADER 00638nam a2200193Ia 4500
001 CTU_127070
008 210402s9999 xx 000 0 und d
082 |a 020 
082 |b G488 
100 |a Gilmour, Ron 
245 0 |a XML a guide for librarians 
245 0 |c Ron Gilmour 
260 |a Chicago 
260 |b Lita 
260 |c 2003 
520 |a This book inclube: XML and the nature of markup; XML syntax and well-Formedness; Enabling data sharing validity, entities, and DTDs; Stylesheets for XML; XML and databases. 
650 |a Library science 
904 |i Hiếu 
980 |a Trung tâm Học liệu Trường Đại học Cần Thơ